LEADER 03748 am 2200673 n 450 001 9910131363603321 005 20141224 010 $a2-11-139907-8 035 $a(CKB)3710000000491073 035 $a(FrMaCLE)OB-deps-146 035 $a(oapen)https://directory.doabooks.org/handle/20.500.12854/51511 035 $a(PPN)189313862 035 $a(EXLCZ)993710000000491073 100 $a20150708j|||||||| ||| 0 101 0 $afre 135 $auu||||||m|||| 181 $ctxt$2rdacontent 182 $cc$2rdamedia 183 $acr$2rdacarrier 200 13$aLa lecture de bandes dessinées /$fChristophe Evans, Françoise Gaudet 210 $aParis $cDépartement des études, de la prospective et des statistiques$d2014 215 $a1 online resource (8 p.) 330 $aAvec plus de 16 millions de lecteurs en France, la bande dessinée, longtemps considérée comme un genre mineur, bénéficie désormais d?une large diffusion dans la société française : plus de trois Français sur quatre déclarent avoir déjà lu des bandes dessinées, dont plus d?un quart (29 %) au cours des douze derniers mois. La production éditoriale a bénéficié d?un essor sans précédent depuis les années 1990, le nombre de titres édités est en constante progression, tandis que les genres, au sein de la bande dessinée, se diversifient : aux traditionnels albums se sont ajoutés, ces dernières années, les mangas, romans graphiques, comics? L?étude apporte des éléments de caractérisation du lectorat de bandes dessinées, majoritairement masculin, plutôt jeune, par ailleurs lecteur de livres et amateur de sorties culturelles, et repère des caractéristiques de lecture propres à cette pratique, comme la relecture. With over 16 million readers in France, comic strips, long considered a minor genre, now enjoy a huge readership there: over three quarters of French people say they have already read comic strips, and over a quarter of these (29%) have done so within the last twelve months. Book publishing has seen an unprecedented boom in this area since the 1990s with the number of titles published constantly expanding, whilst the genres represented within comic books are becoming ever more diverse: in addition to the traditional books, over the last few years there has been an emergence of manga, graphic novels, comics, etc. This study gives an outline of the comic strip readership: overwhelmingly young and male, and with a penchant for reading books and cultural outings; it also points up reading trends within this practice such as re-reading. 606 $aSocial Sciences, Interdisciplinary 606 $aCultural studies 606 $apublishing 606 $acomic strip 606 $apublic of the culture 606 $areading 606 $aédition 606 $apratiques de lecture 606 $abande dessinée 606 $apublics de la culture 606 $alectorat 606 $alivre 610 $acomic strip 610 $areading 610 $apublic of the culture 610 $apublishing 615 4$aSocial Sciences, Interdisciplinary 615 4$aCultural studies 615 4$apublishing 615 4$acomic strip 615 4$apublic of the culture 615 4$areading 615 4$aédition 615 4$apratiques de lecture 615 4$abande dessinée 615 4$apublics de la culture 615 4$alectorat 615 4$alivre 700 $aEvans$b Christophe$0927642 701 $aGaudet$b Françoise$0480739 701 $aBoudy$b Guillaume$01285823 801 0$bFR-FrMaCLE 906 $aBOOK 912 $a9910131363603321 996 $aLa lecture de bandes dessinées$93032813 997 $aUNINA LEADER 01249nam0 22002771i 450 001 UON00073535 005 20231205102400.108 100 $a20020107d1963 |0itac50 ba 101 $ager 102 $aSE 105 $a|||| ||||| 200 1 $aErneuerung des Verbalaspekts im Semitischen$eFunktionell-diachronische Studien zur semitischen Verblehre$fFrithiof Rundgren 210 $aUppsala$cAlmqvist & Wiksells$d1963 215 $aP. 49-108$d25 cm 410 1$1001UON00065959$12001 $aActa Universitatis Upsaliensis. Studia Historica Upsaliensia$fUtgiven av Historiska Institutionen vid Uppsala Universitet$v1,3 606 $aLINGUE SEMITICHE$xLessico$3UONC022248$2FI 620 $aSE$dUppsala$3UONL000426 676 $a492$cLingue camito semitiche / Lingue semitiche$v21 700 1$aRUNDGREN$bFrithiof$3UONV028254$0649018 712 $aAlmqvist & Wiksell$3UONV254871$4650 801 $aIT$bSOL$c20250620$gRICA 899 $aSIBA - SISTEMA BIBLIOTECARIO DI ATENEO$2UONSI 912 $aUON00073535 950 $aSIBA - SISTEMA BIBLIOTECARIO DI ATENEO$dSI II C b 021 $eSI AA 313 7 021 996 $aErneuerung des Verbalaspekts im Semitischen$91165793 997 $aUNIOR